000 01017nam a22003257a 4500
003 CHAP
005 20220817043243.0
008 971013s1979 r 00010 d
010 _a69691
011 _a70663
035 _a80162
040 _cCHAP
082 _a583.32
_bL4
100 0 0 _aLesins, Karlis Adolfs.
_966337
245 _aGenus Medicago (Leguminosae) : a taxogenetics study
260 _aThe Hague :
_bJunk,
_c1979
300 _a228 p.
_b; ilus
590 _aBATCH-UPD
_b10
_c20130110
_lUCH01
_h0705
590 _aBATCH-UPD
_b10
_c20130410
_lUCH01
_h0350
590 _aBATCH-UPD
_b10
_c20130914
_lUCH01
_h0736
590 _aCONVERSION
_b10
_c20130109
_lUCH01
_h1338
650 1 4 _aBotánica
_xClasificación.
_914516
650 1 4 _aGenética vegetal.
650 1 4 _aMedicago.
_973896
700 0 _aLesins, Irma.
_966336
901 _aBK
942 _cLIBRO
949 _a583.32 L4
_bBC
_cLIBRO
_d33724000449286
_eLIBRO
_h55813
_i80162
_si
949 _a633.31 L4
_bZ
_cLIBRO
_d-33061
_eLIBRO
_gI.168165
_h1670
_i80162
_si
999 _c69691
_d69691